00451nam a2200169Ia 4500008004100000041001200041082001100053100001600064245004900080365000600129520001200135546001200147630004900159650001200208655001200220730004900232101110s9999 xx 000 0 und d aENGLISH bSR4108 aMullik B.R. aThe Prologue to the Canterbury Tales Studies b2 aEnglish aENGLISH aThe Prologue to the Canterbury Tales Studies aEnglish aEnglish aThe Prologue to the Canterbury Tales Studies